000 00599nam a22002177a 4500
003 UA-OsUOA
001 92484
007 ta
008 20121219b un ||||| |||| 00| 0 ukr d
090 _a821.161.2
_bА83
942 _cBK
040 _aUA-OsUOA
_brus
_cUA-OsUOA
_dUA-OsUOA
245 _aАрмянские новеллы
_cсост. Хачатрянц Я. С.
300 _a252 с.
955 _a3
041 _arus
080 _a821.161.2
260 _aМ.
_bСов. писатель
_c1945
650 7 _a82 Література. Літературознавство
_2UDC
999 _c378727
_d378727